|
|
|
|
| LEADER |
00000ny a22000003n 4500 |
| 005 |
20110520134546.0 |
| 008 |
070608s2006 sp s 000 0 spa c |
| 020 |
|
|
|a 849772948X
|
| 035 |
|
|
|a 1835
|
| 040 |
|
|
|a BUC
|d UMA.RE
|d vLex
|
| 080 |
|
|
|a 351.75
|
| 090 |
|
|
|c 112
|d 112
|
| 245 |
0 |
0 |
|a Paisaje ciudadano, delito y percepcin̤ de la inseguridad
|h [Recurso electrn̤ico]
|b investigacin̤ interdisciplinaria del medio urbano /
|c Pedro Fraile, Quim Bonastra, Gabriela Rodrg̕uez, Celeste Arella (editores)
|
| 256 |
|
|
|a Servicio en ln̕ea
|
| 260 |
|
|
|a Madrid :
|b Dykinson ;
|a Oąti ;
|b Instituto Internacional de Sociologa̕ Jurd̕ica de Oąti,
|c 2006
|
| 300 |
|
|
|a 235 p. ;
|c 21 cm
|
| 506 |
1 |
|
|a Contenido solo disponible en los productos indicados
|d vLex Global
|d vLex Global (Academic Edition, excluding Law Schools)
|d vLex Global (U.S. Academic Edition, Law Schools)
|d vLex Global (U.S. Academic Edition, excluding Law Schools)
|d vLex Global (Academic Edition, Law Schools)
|
| 650 |
0 |
7 |
|a Penal
|2 Tesauro vLex
|
| 650 |
0 |
7 |
|a Polt̕ica criminal y criminologa̕
|2 Tesauro vLex
|
| 700 |
1 |
|
|a Arella, Celeste,
|e ed. lit
|
| 700 |
1 |
|
|a Bonastra, Quim,
|e ed. lit
|
| 700 |
1 |
|
|a Fraile, Pedro,
|e ed. lit
|
| 700 |
1 |
|
|a Rodrg̕uez, Gabriela,
|e ed. lit
|
| 710 |
2 |
|
|a Instituto Internacional de Sociologa̕ Jurd̕ica de Oąti,
|e ed-
|
| 740 |
0 |
|
|a vLex Libros (Servicios en ln̕ea)
|
| 856 |
4 |
0 |
|u http://vlex.com/source/1835
|z Acceso restringido
|
| 942 |
|
|
|c BOOK
|
| 999 |
0 |
|
|a Criminal Law
|b Spain
|